|
|
|
|
| LEADER |
00000cam a22000004a 4500 |
| 001 |
musev2_84445 |
| 003 |
MdBmJHUP |
| 005 |
20230905052703.0 |
| 006 |
m o d |
| 007 |
cr||||||||nn|n |
| 008 |
201008s2021 dcu o 00 0 eng d |
| 020 |
|
|
|a 9781944838829
|
| 020 |
|
|
|z 9781944838812
|
| 020 |
|
|
|z 9781944838836
|
| 035 |
|
|
|a (OCoLC)1257702491
|
| 040 |
|
|
|a MdBmJHUP
|c MdBmJHUP
|
| 245 |
0 |
0 |
|a Deaf People in the Criminal Justice System :
|b Selected Topics on Advocacy, Incarceration, and Social Justice /
|c Caroline Guardinoand Joanna E. Cannon, editors.
|
| 264 |
|
1 |
|a Washington, DC :
|b Gallaudet University Press,
|c 2021.
|
| 264 |
|
3 |
|a Baltimore, Md. :
|b Project MUSE,
|c 2021
|
| 264 |
|
4 |
|c ©2021.
|
| 300 |
|
|
|a 1 online resource (354 pages).
|
| 336 |
|
|
|a text
|b txt
|2 rdacontent
|
| 337 |
|
|
|a computer
|b c
|2 rdamedia
|
| 338 |
|
|
|a online resource
|b cr
|2 rdacarrier
|
| 490 |
0 |
|
|a Deaf education
|
| 588 |
|
|
|a Description based on print version record.
|
| 650 |
|
6 |
|a Prisoners with disabilities
|z United States.
|
| 650 |
|
6 |
|a Prisoners with disabilities
|z Great Britain.
|
| 650 |
|
6 |
|a Justice penale
|x Administration
|z États-Unis.
|
| 650 |
|
6 |
|a Deaf criminals
|z United States.
|
| 650 |
|
6 |
|a Deaf criminals
|z Great Britain.
|
| 650 |
|
6 |
|a Criminal justice, Administration of
|z Great Britain.
|
| 650 |
|
0 |
|a Prisoners with disabilities
|z United States.
|
| 650 |
|
0 |
|a Prisoners with disabilities
|z Great Britain.
|
| 650 |
|
0 |
|a Deaf criminals
|z United States.
|
| 650 |
|
0 |
|a Deaf criminals
|z Great Britain.
|
| 650 |
|
0 |
|a Criminal justice, Administration of
|z United States.
|
| 650 |
|
0 |
|a Criminal justice, Administration of
|z Great Britain.
|
| 655 |
|
7 |
|a Livres numeriques.
|2 rvmgf
|
| 655 |
|
7 |
|a Electronic books.
|2 local
|
| 700 |
1 |
|
|a Guardino, Caroline,
|e éditeur.
|
| 700 |
1 |
|
|a Cannon, Joanna E.,
|e éditeur.
|
| 710 |
2 |
|
|a Project Muse.
|e distributor
|
| 830 |
|
0 |
|a Book collections on Project MUSE.
|
| 856 |
4 |
0 |
|z Texto completo
|u https://projectmuse.uam.elogim.com/book/84445/
|
| 945 |
|
|
|a Project MUSE - Custom Collection
|
| 945 |
|
|
|a Project MUSE - 2021 Complete
|
| 945 |
|
|
|a Project MUSE - 2021 Political Science and Policy Studies
|
| 945 |
|
|
|a Project MUSE - 2021 American Studies
|